NBA International MVPs - Statistics

General Stats
  • This quiz has been taken 256 times
  • The average score is 6 of 6
Answer Stats
Season Country Player % Correct
2018–2019, 2019–2020 Greece 🇬🇷 Giannis Antetokounmpo
100%
2020–2021, 2021–2022 Serbia 🇷🇸 Nikola Jokić
100%
2006–2007 Germany 🇩🇪 Dirk Nowitzki
98%
1993–1994 Nigeria 🇳🇬 Hakeem Olajuwon
98%
2022–2023 Cameroon 🇨🇲 Joel Embiid
97%
2004–2005, 2005–2006 Canada 🇨🇦 Steve Nash
95%
No matching quizzes found
Score Distribution
Percent of People with Each Score
Percentile by Number Answered
Your Score History
You have not taken this quiz